Fundamentals of Data Structures in C (Record no. 45409)

MARC details
000 -LEADER
fixed length control field 00451nam a2200169Ia 4500
008 - FIXED-LENGTH DATA ELEMENTS--GENERAL INFORMATION
fixed length control field 230524s9999 xx 000 0 und d
082 ## - DEWEY DECIMAL CLASSIFICATION NUMBER
Classification number 621.382
Item number HOR
100 ## - MAIN ENTRY--AUTHOR NAME
Personal name Ellis Horowitz
245 #0 - TITLE STATEMENT
Title Fundamentals of Data Structures in C
250 ## - EDITION STATEMENT
Edition statement 2ND
260 ## - PUBLICATION, DISTRIBUTION, ETC. (IMPRINT)
Place of publication NEW DELHI
Name of publisher University Press
Year of publication 2008
300 ## - PHYSICAL DESCRIPTION
Number of Pages XVII;610
500 ## - GENERAL NOTE
General note Quantity Number: 10
650 ## - SUBJECT ADDED ENTRY--TOPICAL TERM
Topical Term Comp-Sc
700 ## - ADDED ENTRY--PERSONAL NAME
Personal name "Sartaj Sahni,Susan Anderson-Freed,,,"
942 ## - ADDED ENTRY ELEMENTS (KOHA)
Koha item type Books
Holdings
Lost status Damaged status Permanent Location Current Location Shelving location Date acquired Full call number Accession Number Koha item type
    Central Library, Trident Academy of Technology Central Library, Trident Academy of Technology General Stacks 05/24/2023 621.382 HOR 34826 Books
    Central Library, Trident Academy of Technology Central Library, Trident Academy of Technology General Stacks 05/24/2023 621.382 HOR 34827 Books
    Central Library, Trident Academy of Technology Central Library, Trident Academy of Technology General Stacks 05/24/2023 621.382 HOR 34828 Books
    Central Library, Trident Academy of Technology Central Library, Trident Academy of Technology General Stacks 05/24/2023 621.382 HOR 34829 Books
    Central Library, Trident Academy of Technology Central Library, Trident Academy of Technology General Stacks 05/24/2023 621.382 HOR 34830 Books
    Central Library, Trident Academy of Technology Central Library, Trident Academy of Technology General Stacks 05/24/2023 621.382 HOR 34831 Books
    Central Library, Trident Academy of Technology Central Library, Trident Academy of Technology General Stacks 05/24/2023 621.382 HOR 34832 Books
    Central Library, Trident Academy of Technology Central Library, Trident Academy of Technology General Stacks 05/24/2023 621.382 HOR 34833 Books
    Central Library, Trident Academy of Technology Central Library, Trident Academy of Technology General Stacks 05/24/2023 621.382 HOR 34834 Books
    Central Library, Trident Academy of Technology Central Library, Trident Academy of Technology General Stacks 05/24/2023 621.382 HOR 34835 Books
Trident Academy of Technology © 2023.
All rights reserved.                                                                                                                                                                                                        Designed by Team of Central Library .

Powered by Koha